| 000 -LEADER |
| fixed length control field |
00875cam a22002774a 4500 |
| 005 - DATE AND TIME OF LATEST TRANSACTION |
| control field |
20131115085323.0 |
| 008 - FIXED-LENGTH DATA ELEMENTS--GENERAL INFORMATION |
| fixed length control field |
020910s2003 ncu b 001 0 eng |
| 020 ## - INTERNATIONAL STANDARD BOOK NUMBER |
| International Standard Book Number |
0822329786 |
| 020 ## - INTERNATIONAL STANDARD BOOK NUMBER |
| International Standard Book Number |
082232993X |
| 041 0# - LANGUAGE CODE |
| Language code of text/sound track or separate title |
eng |
| 080 ## - UNIVERSAL DECIMAL CLASSIFICATION NUMBER |
| Universal Decimal Classification number |
341 |
| Common auxiliary subdivision |
(4) |
| 100 1# - Rafti |
| Rafti |
Nugent, Neill. |
| 245 14 - TITLE STATEMENT |
| Title |
The government and politics of the European Union / |
| Statement of responsibility, etc |
Neill Nugent. |
| 250 ## - |
| -- |
5th ed. |
| 260 ## - |
| -- |
Durham : |
| -- |
Duke University Press, |
| -- |
2003. |
| 300 ## - |
| -- |
555 f. ; |
| -- |
24 cm. |
| 500 ## - |
| -- |
Preface : f. XVIII-XIX |
| 504 ## - BIBLIOGRAPHY, ETC. NOTE |
| Bibliography, etc |
Includes bibliographical references (p. 534-546) and index. |
| 610 20 - |
| -- |
Unioni Europian |
| 610 20 - |
| -- |
Komisioni i komunitetit Europian |
| 610 20 - |
| -- |
Këshilli i komuniteteve Europiane |
| 610 20 - |
| -- |
Parlamenti europian |
| 610 20 - |
| -- |
Gjykata e Drejtësisë e Komuniteteve Evropiane. |
| 650 #0 - |
| -- |
E drejta ndërkombëtare |
| 942 ## - ADDED ENTRY ELEMENTS (KOHA) |
| Source of classification or shelving scheme |
|
| Item type |
Books |